| 000 | 00695nam a2200217 i 4500 | ||
|---|---|---|---|
| 001 | 19668 | ||
| 003 | ES-MaACL | ||
| 005 | 20230906152138.0 | ||
| 007 | t| | ||
| 008 | 021007s1971 sp ||||1| spa d | ||
| 100 | 1 |
_aAbendroth, Wolfgang, _918084 |
|
| 245 | 1 | 0 |
_aIntroducción a la Ciencia política / _cWolfgang Abendroth, Kurt Lenk ; [traducción: Miguel Faber-Kaiser]. |
| 260 |
_aBarcelona : _bAnagrama, _c[1971] |
||
| 300 |
_a173 p. ; _c20 cm. |
||
| 490 | 1 |
_aColección Argumentos ; _v16 |
|
| 700 | 1 |
_aLenk, Kurt. _971527 |
|
| 700 | 0 |
_aFaber-Kaiser, Michael. _948510 |
|
| 830 | 0 |
_aColección Argumentos ; _v16 _9178071 |
|
| 852 |
_aES-MaACL _jC-39658 _bR.76701 |
||
| 999 |
_c19668 _d19668 |
||